000 00645nam a22001577a 4500
999 _c8271
_d8272
008 190813b ||||| |||| 00| 0 eng d
020 _a9780822351061
082 _a362.1 DAV
100 _aDavis, Elizabeth Anne
245 _aBad souls :
_b madness and responsibility in modern Greece
260 _aDurham, NC :
_bDuke University Press,
_c2012.
300 _ax, 331 p. :
_bill., maps ;
_c25 cm.
500 _aIncludes bibliographical references (p. [301]-318) and index.
650 _a Mentally ill--Treatment--Greece--Thrace, Western. Mental health policy--Greece--Thrace, Western. Psychiatry--Greece--Thrace, Western--History.
942 _2ddc